[Event "205th YMCA Autumn A"]
[Site "Warsaw"]
[Date "2018.09.21"]
[Round "1"]
[White "Markiewicz, Michal"]
[Black "Koziol, Pawel"]
[Result "1/2-1/2"]
[WhiteElo "1902"]
[BlackElo "1880"]
[PlyCount "54"]
[EventDate "2018.09.21"]
[EventType "tourn"]
[EventRounds "1"]
[EventCountry "POL"]
[SourceDate "2018.09.20"]

1. Nf3 d5 2. g3 Nf6 3. Bg2 Bf5 4. O-O e6 5. d3 h6 6. Nbd2 Be7 7. b3 a5 8. a3
Nbd7 9. Bb2 O-O 10. Re1 Bh7 11. e4 c6 12. e5 Ne8 13. h4 Qb6 14. Qe2 Nc7 15. Nf1
a4 16. b4 c5 17. c3 f5 18. exf6 Bxf6 19. Bh3 Rae8 20. N1h2 Qa6 21. Red1 cxb4
22. axb4 Rf7 23. Ng4 Ref8 24. Ne1 Be7 25. f4 d4 26. c4 Bxb4 27. Bxd4 Bf5 $11
1/2-1/2

[Event "205th YMCA Autumn A"]
[Site "Warsaw"]
[Date "2018.09.21"]
[Round "1"]
[White "Majek, Kacper"]
[Black "Moskwinski, Marek"]
[Result "1-0"]
[WhiteElo "2083"]
[BlackElo "1866"]
[PlyCount "79"]
[EventDate "2018.09.21"]
[EventType "tourn"]
[EventRounds "1"]
[EventCountry "POL"]
[SourceDate "2018.09.20"]

1. e4 c5 2. Nf3 d6 3. g3 Nc6 4. Bg2 Nf6 5. d3 e5 6. O-O Be7 7. c3 O-O 8. h3 a6
9. Re1 Ne8 10. Nbd2 Be6 11. Nf1 Qd7 12. Kh2 Nc7 13. Ne3 Rad8 14. Qe2 b5 15. Nc2
Rfe8 16. Ng5 Bxg5 17. Bxg5 Rb8 18. a3 a5 19. Rad1 Bb3 20. Rd2 b4 21. axb4 axb4
22. Bf3 bxc3 23. bxc3 Nb5 24. c4 Bxc2 25. Bg4 Qc7 26. cxb5 Nd4 27. Qf1 Rxb5 28.
Be3 Reb8 29. Bxd4 cxd4 30. Rc1 Rc5 31. Qe2 Bb3 32. Rb1 Be6 33. Rxb8+ Qxb8 34.
Bxe6 fxe6 35. Qg4 Qc8 36. Rb2 Rc6 37. Ra2 g6 38. Ra7 Qe8 39. Qh4 h5 40. Qf6 1-0

[Event "205th YMCA Autumn A"]
[Site "Warsaw"]
[Date "2018.09.21"]
[Round "1"]
[White "Kasperkiewicz, Pawel"]
[Black "Safanowski, Tomasz"]
[Result "0-1"]
[WhiteElo "1933"]
[BlackElo "1816"]
[PlyCount "126"]
[EventDate "2018.09.21"]
[EventType "tourn"]
[EventRounds "1"]
[EventCountry "POL"]
[SourceDate "2018.09.20"]

1. c4 d6 2. Nc3 e5 3. Nf3 Nf6 4. g3 Be7 5. Bg2 O-O 6. O-O Nbd7 7. d4 c6 8. e4
Qc7 9. h3 Re8 10. Re1 b6 11. b3 Bb7 12. Bb2 Rad8 13. Qc2 Bf8 14. Rad1 Qb8 15.
d5 cxd5 16. cxd5 a6 17. Re2 b5 18. Ne1 g6 19. Nd3 Rc8 20. Qb1 Nc5 21. Nb4 a5
22. Nc6 Bxc6 23. dxc6 Rxc6 24. Bf1 b4 25. Nd5 Nxd5 26. Rxd5 a4 27. Qd1 Rec8 28.
bxa4 Qa8 29. a5 Qxa5 30. f4 f6 31. Rc2 Qa7 32. Kh2 Nxe4 33. Re2 Nc3 34. Qb3
Nxd5 35. Bg2 Rc5 36. Bxd5+ Rxd5 37. Qxd5+ Qf7 38. Qf3 Bg7 39. Qe4 Qc4 40. Qf3
f5 41. fxe5 dxe5 42. h4 e4 43. Qf2 Bxb2 44. Rxb2 Qd3 45. Rd2 e3 46. Rxd3 exf2
47. Kg2 Rc2 48. Rb3 Rxa2 49. Rxb4 Kg7 50. Rb7+ Kh6 51. Rc7 f4 52. Rf7 f1=Q+ 53.
Kxf1 fxg3 54. Rf3 Rf2+ 55. Rxf2 gxf2 56. Kxf2 Kg7 57. Kg3 Kf6 58. Kf4 h6 59.
Ke4 Ke6 60. Kf4 Kd5 61. Kf3 Ke5 62. Ke3 h5 63. Kf3 Kf5 0-1

[Event "205th YMCA Autumn A"]
[Site "Warsaw"]
[Date "2018.09.21"]
[Round "1"]
[White "Podgorski, Maciej"]
[Black "Choroszej, Aleksander"]
[Result "0-1"]
[WhiteElo "1865"]
[BlackElo "2054"]
[PlyCount "64"]
[EventDate "2018.09.21"]
[EventType "tourn"]
[EventRounds "1"]
[EventCountry "POL"]
[SourceDate "2018.09.20"]

1. e4 g6 2. d4 Bg7 3. c4 d6 4. Nc3 Nf6 5. Be2 O-O 6. Nf3 e5 7. O-O Nc6 8. d5
Ne7 9. Ne1 Nd7 10. Be3 f5 11. f3 Nf6 12. c5 f4 13. Bf2 g5 14. Rc1 Ng6 15. cxd6
cxd6 16. Nb5 Rf7 17. Qc2 Ne8 18. Nxa7 Bd7 19. Qb3 h5 20. Bb6 Qf6 21. Bb5 g4 22.
Bxd7 Rxd7 23. a4 Bf8 24. a5 Rg7 25. Nb5 Nh4 26. Kh1 Qg6 27. Nc7 Rc8 28. Rc4
Nxc7 29. Qc2 Qf7 30. Nd3 Qd7 31. Rc1 gxf3 32. gxf3 Qh3 0-1

[Event "205th YMCA Autumn A"]
[Site "Warsaw"]
[Date "2018.10.23"]
[Round "1"]
[White "Liberadzki, Slawomir"]
[Black "Kaminski, Jan"]
[Result "1/2-1/2"]
[WhiteElo "1955"]
[BlackElo "2013"]
[PlyCount "51"]
[EventDate "2018.09.21"]
[EventType "tourn"]
[EventRounds "1"]
[EventCountry "POL"]
[SourceDate "2018.09.20"]

1. c4 e5 2. g3 Nf6 3. Bg2 Nc6 4. Nc3 Bb4 5. Nf3 O-O 6. O-O d6 7. d3 h6 8. Bd2
a5 9. Nd5 e4 10. dxe4 Nxe4 11. Bxb4 Nxb4 12. Nd4 Re8 13. a3 Nxd5 14. cxd5 a4
15. Qc2 Nc5 16. e3 Bd7 17. Rad1 Qf6 18. Qe2 Re7 19. Qf3 Qg6 20. h3 Ra5 21. Rc1
Ne4 22. Rxc7 Nd2 23. Qd1 Nxf1 24. Qxf1 Qf6 25. Rxb7 Rc5 26. Qd1 $11 1/2-1/2

[Event "205th YMCA Autumn A"]
[Site "Warsaw"]
[Date "2018.09.28"]
[Round "2"]
[White "Koziol, Pawel"]
[Black "Kaminski, Jan"]
[Result "0-1"]
[WhiteElo "1880"]
[BlackElo "2013"]
[PlyCount "46"]
[EventDate "2018.09.21"]
[EventType "tourn"]
[EventRounds "1"]
[EventCountry "POL"]
[SourceDate "2018.09.20"]

1. Nf3 g6 2. c4 c5 3. Nc3 Bg7 4. g3 Nc6 5. Bg2 e6 6. O-O Nge7 7. d3 d5 8. Bd2
O-O 9. cxd5 exd5 10. Rc1 b6 11. a3 h6 12. Rb1 d4 13. Na4 Be6 14. b4 cxb4 15.
axb4 Nd5 16. Qc1 Rc8 17. Bxh6 Ncxb4 18. Qd2 Rc2 19. Qg5 Bf6 20. Bxf8 Qxf8 21.
Qd2 Rxd2 22. Nxd2 b5 23. Ne4 Be7 0-1

[Event "205th YMCA Autumn A"]
[Site "Warsaw"]
[Date "2018.09.28"]
[Round "2"]
[White "Choroszej, Aleksander"]
[Black "Liberadzki, Slawomir"]
[Result "1-0"]
[WhiteElo "2054"]
[BlackElo "1955"]
[PlyCount "51"]
[EventDate "2018.09.21"]
[EventType "tourn"]
[EventRounds "1"]
[EventCountry "POL"]
[SourceDate "2018.09.20"]

1. d4 d5 2. c4 e6 3. Nc3 Nf6 4. Nf3 Be7 5. Bf4 O-O 6. e3 c6 7. Bd3 dxc4 8. Bxc4
b5 9. Bd3 Bb7 10. O-O Nbd7 11. Rc1 a6 12. Ne4 Nxe4 13. Bxe4 Qb6 14. Ne5 Nxe5
15. Bxe5 Rac8 16. Qg4 g6 17. Qf4 f5 18. Bf3 c5 19. dxc5 Bxc5 20. b4 Be7 21. Bd4
Qd8 22. Bxb7 Rxc1 23. Rxc1 Bd6 24. Be5 g5 25. Qd4 Bxe5 26. Qxe5 1-0

[Event "205th YMCA Autumn A"]
[Site "Warsaw"]
[Date "2018.09.28"]
[Round "2"]
[White "Safanowski, Tomasz"]
[Black "Podgorski, Maciej"]
[Result "0-1"]
[WhiteElo "1816"]
[BlackElo "1865"]
[PlyCount "98"]
[EventDate "2018.09.21"]
[EventType "tourn"]
[EventRounds "1"]
[EventCountry "POL"]
[SourceDate "2018.09.20"]

1. f4 c5 2. Nf3 d5 3. e3 Nc6 4. Bb5 Nf6 5. Bxc6+ bxc6 6. c4 e6 7. d3 Bd6 8. Nc3
O-O 9. e4 Bc7 10. O-O a5 11. e5 Nd7 12. b3 f6 13. Qe2 fxe5 14. fxe5 Rf5 15. Ba3
Nxe5 16. Bxc5 dxc4 17. d4 Nd3 18. Ba3 Nf4 19. Qxc4 Ba6 20. Qxc6 Bxf1 21. Rxf1
Bb6 22. Nb5 Rc8 23. Qe4 Qd5 24. Qxd5 Rxd5 25. Nd6 Rc2 26. Nc4 Bxd4+ 27. Nxd4
Rxd4 28. Bd6 Rxg2+ 29. Kh1 Rf2 30. Re1 Rxa2 31. Bc7 a4 32. Bb6 Rd3 33. bxa4 Rh3
34. Bg1 Rxa4 35. Ne5 Nd3 36. Nxd3 Rxd3 37. Rxe6 Rd1 38. Re2 Raa1 39. Rg2 Kf7
40. h3 Kf6 41. Kh2 Rxg1 42. Rxg1 Rxg1 43. Kxg1 Kf5 44. Kf1 Kf4 45. Kf2 h5 46.
Kg2 h4 47. Kf2 g5 48. Kg2 Ke3 49. Kg1 Kf3 0-1

[Event "205th YMCA Autumn A"]
[Site "Warsaw"]
[Date "2018.09.28"]
[Round "2"]
[White "Moskwinski, Marek"]
[Black "Kasperkiewicz, Pawel"]
[Result "1/2-1/2"]
[WhiteElo "1866"]
[BlackElo "1933"]
[PlyCount "93"]
[EventDate "2018.09.21"]
[EventType "tourn"]
[EventRounds "1"]
[EventCountry "POL"]
[SourceDate "2018.09.20"]

1. e4 e5 2. Nf3 Nc6 3. Bb5 a6 4. Ba4 Nf6 5. O-O Be7 6. Re1 b5 7. Bb3 O-O 8. c3
d6 9. d4 Bg4 10. Qd3 Bxf3 11. gxf3 Nh5 12. Kh1 Bg5 13. Be3 Qf6 14. Nd2 Ne7 15.
Bxg5 Qxg5 16. Rg1 Qf6 17. Nf1 exd4 18. cxd4 c5 19. Bc2 Nf4 20. e5 Qh6 21. Qd2
dxe5 22. Re1 Nc6 23. dxc5 Rad8 24. Qe3 Nd4 25. Bb1 Qc6 26. Nd2 Rfe8 27. Ne4 f5
28. Nd6 Rxd6 29. cxd6 Nxf3 30. Rc1 Qd5 31. Qb3 Qxb3 32. axb3 Rd8 33. Rgd1 Nd4
34. Bxf5 Rxd6 35. Rc8+ Kf7 36. Bxh7 Rh6 37. Be4 Rh3 38. Rc7+ Kf6 39. Ra1 Rxb3
40. Rxa6+ Nde6 41. Rcc6 Rxb2 42. Rxe6+ Nxe6 43. Bd5 Rxf2 44. Rxe6+ Kf5 45. Re7
Rd2 46. Bc6 b4 47. Rb7 1/2-1/2

[Event "205th YMCA Autumn A"]
[Site "Warsaw"]
[Date "2018.09.28"]
[Round "2"]
[White "Markiewicz, Michal"]
[Black "Majek, Kacper"]
[Result "1-0"]
[WhiteElo "1902"]
[BlackElo "2083"]
[PlyCount "85"]
[EventDate "2018.09.21"]
[EventType "tourn"]
[EventRounds "1"]
[EventCountry "POL"]
[SourceDate "2018.09.20"]

1. d4 d5 2. c4 e6 3. Nc3 Nf6 4. cxd5 exd5 5. Bg5 c6 6. Qc2 Be7 7. e3 O-O 8. Bd3
Nbd7 9. Nge2 h6 10. Bh4 Re8 11. O-O Nb6 12. Rae1 Ne4 13. Bxe7 Qxe7 14. f3 Nxc3
15. Nxc3 c5 16. dxc5 Qxc5 17. Nb5 Qxc2 18. Bxc2 Re7 19. b3 Bd7 20. Nd4 Rae8 21.
Kf2 Nc8 22. Re2 Nd6 23. Rd1 g6 24. Bd3 Kg7 25. Rc1 f5 26. Rc5 Re5 27. f4 Ne4+
28. Bxe4 Rxe4 29. Rxd5 R8e7 30. Rc5 Be8 31. Nf3 Kf6 32. Ne5 g5 33. g3 Rg7 34.
Rd2 Re7 35. Rd8 Kg7 36. Rcd5 gxf4 37. gxf4 Bf7 38. R5d7 R4xe5 39. fxe5 Rxe5 40.
Rxb7 Kf6 41. Rd6+ Be6 42. Rxa7 Kg5 43. Re7 1-0

[Event "205th YMCA Autumn A"]
[Site "Warsaw"]
[Date "2018.10.05"]
[Round "3"]
[White "Majek, Kacper"]
[Black "Koziol, Pawel"]
[Result "1-0"]
[WhiteElo "2083"]
[BlackElo "1880"]
[PlyCount "67"]
[EventDate "2018.09.21"]
[EventType "tourn"]
[EventRounds "1"]
[EventCountry "POL"]
[SourceDate "2018.09.20"]

1. e4 c5 2. Nf3 Nc6 3. d3 e6 4. g3 d5 5. Nbd2 Bd6 6. Bg2 Nge7 7. O-O O-O 8. Re1
f5 9. exd5 exd5 10. d4 c4 11. Ne5 Nxe5 12. dxe5 Bc5 13. Nf3 Qb6 14. Qe2 f4 15.
Bxf4 Qxb2 16. e6 Ng6 17. Bg5 Re8 18. e7 Nxe7 19. Ne5 Rf8 20. Bxe7 Rxf2 21. Qd1
Rd2+ 22. Bxc5 Rxd1 23. Raxd1 Be6 24. Nxc4 Qxc2 25. Rc1 Qg6 26. Ne5 Qh6 27. Be3
Qh5 28. Bd4 Re8 29. Rc7 Qh6 30. Ng4 Qd2 31. Bc3 Qc2 32. Rxg7+ Kh8 33. Rc7+ Kg8
34. Nh6+ 1-0

[Event "205th YMCA Autumn A"]
[Site "Warsaw"]
[Date "2018.10.05"]
[Round "3"]
[White "Kasperkiewicz, Pawel"]
[Black "Markiewicz, Michal"]
[Result "1-0"]
[WhiteElo "1933"]
[BlackElo "1902"]
[PlyCount "77"]
[EventDate "2018.09.21"]
[EventType "tourn"]
[EventRounds "1"]
[EventCountry "POL"]
[SourceDate "2018.09.20"]

1. d4 Nf6 2. c4 c5 3. Nf3 cxd4 4. Nxd4 Nc6 5. Nc3 d6 6. g3 Qb6 7. Nb3 Ng4 8. e3
Nge5 9. Nd5 Qd8 10. Be2 Bh3 11. Nf4 Bf5 12. O-O e6 13. f3 Be7 14. e4 Bg6 15.
Be3 O-O 16. Qd2 Qc7 17. Rac1 Nd7 18. Nd5 exd5 19. cxd5 Nc5 20. dxc6 Nxb3 21.
axb3 bxc6 22. Bb5 c5 23. Bc4 Kh8 24. Bd5 Rac8 25. Ra1 Qb8 26. g4 Bd8 27. Ra4
Bb6 28. Rc4 f6 29. Rd1 Rcd8 30. Qg2 Be8 31. g5 Bb5 32. g6 Qc8 33. Qg3 h6 34.
Bxh6 gxh6 35. g7+ Kh7 36. gxf8=Q Rxf8 37. Kh1 Bxc4 38. bxc4 Qd8 39. Rg1 1-0

[Event "205th YMCA Autumn A"]
[Site "Warsaw"]
[Date "2018.10.05"]
[Round "3"]
[White "Podgorski, Maciej"]
[Black "Moskwinski, Marek"]
[Result "1/2-1/2"]
[WhiteElo "1865"]
[BlackElo "1866"]
[PlyCount "101"]
[EventDate "2018.09.21"]
[EventType "tourn"]
[EventRounds "1"]
[EventCountry "POL"]
[SourceDate "2018.09.20"]

1. e4 c6 2. d4 d5 3. e5 Bf5 4. Nc3 e6 5. g4 Bg6 6. Nge2 Ne7 7. Nf4 c5 8. Be3
Nec6 9. Nxg6 hxg6 10. a3 Nd7 11. Bb5 Qb6 12. Bxc6 bxc6 13. Na4 Qa5+ 14. c3 c4
15. O-O Rb8 16. Rb1 Rb3 17. Nc5 Bxc5 18. dxc5 Nxe5 19. Bd4 Qc7 20. f4 Nd3 21.
Qf3 Rh7 22. h3 Qe7 23. Kh2 Qb7 24. Qe2 Qb8 25. Be5 Qb5 26. Bd6 Nxc5 27. f5 gxf5
28. gxf5 Ne4 29. fxe6 f6 30. Qg2 g5 31. Bg3 Rb7 32. Qf3 Rxb2+ 33. Rxb2 Qxb2+
34. Kg1 Qxc3 35. Qh5+ Kd8 36. Qh8+ Ke7 37. Qg7+ Kxe6 38. Qg8+ Rf7 39. Qc8+ Ke7
40. Bc7 Qe3+ 41. Kh2 Qd2+ 42. Kh1 Nf2+ 43. Kg1 Ne4 44. Qd8+ Ke6 45. Qe8+ Re7
46. Qg8+ Rf7 47. Qc8+ Ke7 48. Qd8+ Ke6 49. Qe8+ Re7 50. Qg8+ Rf7 51. Qe8+
1/2-1/2

[Event "205th YMCA Autumn A"]
[Site "Warsaw"]
[Date "2018.10.05"]
[Round "3"]
[White "Liberadzki, Slawomir"]
[Black "Safanowski, Tomasz"]
[Result "1-0"]
[WhiteElo "1955"]
[BlackElo "1816"]
[PlyCount "77"]
[EventDate "2018.09.21"]
[EventType "tourn"]
[EventRounds "1"]
[EventCountry "POL"]
[SourceDate "2018.09.20"]

1. e4 e5 2. Nc3 Nf6 3. g3 Bc5 4. Bg2 Nc6 5. Nge2 d6 6. O-O Bg4 7. Kh1 Qd7 8.
Na4 Bxe2 9. Qxe2 Nd4 10. Nxc5 Nxe2 11. Nxd7 Kxd7 12. b3 Nxc1 13. Raxc1 c5 14.
c3 Rhe8 15. Rfd1 Kc7 16. d4 exd4 17. cxd4 Nxe4 18. Bxe4 Rxe4 19. dxc5 d5 20.
Rxd5 Re2 21. Rf5 f6 22. a4 Rd8 23. Rc3 Rdd2 24. Kg2 a5 25. g4 Kc6 26. g5 fxg5
27. Rg3 h6 28. h4 g6 29. Rf6+ Kxc5 30. hxg5 h5 31. Rgf3 h4 32. Rxg6 h3+ 33.
Kxh3 Rxf2 34. Rxf2 Rxf2 35. Rf6 Rc2 36. g6 Rc3+ 37. Kg4 Rxb3 38. g7 Rb1 39. Rf3
1-0

[Event "205th YMCA Autumn A"]
[Site "Warsaw"]
[Date "2018.10.12"]
[Round "4"]
[White "Koziol, Pawel"]
[Black "Choroszej, Aleksander"]
[Result "1/2-1/2"]
[WhiteElo "1880"]
[BlackElo "2054"]
[PlyCount "53"]
[EventDate "2018.09.21"]
[EventType "tourn"]
[EventRounds "1"]
[EventCountry "POL"]
[SourceDate "2018.09.20"]

1. Nf3 g6 2. d4 Bg7 3. e4 d6 4. Bd3 Nf6 5. c3 O-O 6. O-O Nc6 7. Nbd2 e5 8. h3
Nh5 9. Nb3 h6 10. Re1 Qf6 11. d5 Ne7 12. Nh2 Nf4 13. Bxf4 Qxf4 14. g3 Qf6 15.
Ng4 Qg5 16. Be2 Bxg4 17. hxg4 f5 18. gxf5 gxf5 19. exf5 Nxf5 20. Bg4 h5 21.
Bxf5 Qxf5 22. Qe2 Bh6 23. Rad1 Rf6 24. Nd2 Bxd2 25. Rxd2 h4 26. Qe4 hxg3 27.
Qxf5 $11 1/2-1/2

[Event "205th YMCA Autumn A"]
[Site "Warsaw"]
[Date "2018.10.12"]
[Round "4"]
[White "Moskwinski, Marek"]
[Black "Liberadzki, Slawomir"]
[Result "0-1"]
[WhiteElo "1866"]
[BlackElo "1955"]
[PlyCount "156"]
[EventDate "2018.09.21"]
[EventType "tourn"]
[EventRounds "1"]
[EventCountry "POL"]
[SourceDate "2018.09.20"]

1. e4 c5 2. Nf3 Nc6 3. d4 cxd4 4. Nxd4 e5 5. Nb5 a6 6. N5c3 Nf6 7. Bg5 Be7 8.
Nd2 O-O 9. Bxf6 Bxf6 10. Nd5 d6 11. Nc4 b5 12. Nce3 Bg5 13. Bd3 Bxe3 14. Nxe3
Ne7 15. c3 Qb6 16. O-O Be6 17. Bc2 Rad8 18. Bb3 a5 19. Nd5 Bxd5 20. Bxd5 Qc5
21. Qd3 Nxd5 22. Qxd5 Qxd5 23. exd5 Rc8 24. a4 Rc5 25. b4 Rxd5 26. bxa5 Ra8 27.
axb5 Rxb5 28. a6 Rb6 29. a7 Rb7 30. Ra6 Rbxa7 31. Rxd6 Rc7 32. Rfd1 $11 f6 33.
Rd8+ Rxd8 34. Rxd8+ Kf7 35. Rd3 Ke6 36. g4 e4 37. Re3 Ke5 38. Kg2 Kf4 39. h3 g5
40. Kf1 Ra7 41. Ke2 Ra2+ 42. Ke1 Rc2 43. Kf1 Ke5 44. Kg2 Rd2 45. h4 Rd3 46. Re1
Rxc3 47. hxg5 fxg5 48. Rh1 Rc7 49. Kg3 Ra7 50. Rh5 Ra3+ 51. Kg2 Kf4 52. Rxh7
Kxg4 53. Re7 Kf4 54. Re8 $11 Ra2 55. Rf8+ Kg4 56. Re8 Kf4 57. Rf8+ Ke5 58. Re8+
Kd4 59. Rd8+ Kc3 60. Rc8+ Kd2 61. Rd8+ Ke1 62. Re8 Rxf2+ 63. Kg3 Rf4 64. Re5
Ke2 65. Rxg5 Rf3+ 66. Kg2 Rf8 67. Rg7 e3 68. Re7 Rg8+ 69. Kh2 Kf2 70. Rf7+ Ke1
71. Ra7 e2 72. Rd7 Rg5 73. Rd6 Kf2 74. Rf6+ Ke3 75. Re6+ Kd2 76. Rd6+ Kc2 77.
Re6 Kd3 78. Re7 Rg4 0-1

[Event "205th YMCA Autumn A"]
[Site "Warsaw"]
[Date "2018.10.12"]
[Round "4"]
[White "Markiewicz, Michal"]
[Black "Podgorski, Maciej"]
[Result "1/2-1/2"]
[WhiteElo "1902"]
[BlackElo "1865"]
[PlyCount "147"]
[EventDate "2018.09.21"]
[EventType "tourn"]
[EventRounds "1"]
[EventCountry "POL"]
[SourceDate "2018.09.20"]

1. d4 Nf6 2. Nf3 g6 3. g3 Bg7 4. Bg2 O-O 5. O-O d6 6. a4 Na6 7. Re1 c5 8. d5
Nc7 9. Nc3 e5 10. Bg5 h6 11. Bxf6 Qxf6 12. Nd2 Qe7 13. e3 f5 14. f4 e4 15. Nc4
b6 16. Nb5 Nxb5 17. axb5 Bd7 18. Ra2 Bxb5 19. Na3 Be8 20. Bf1 a6 21. Nc4 Qc7
22. Qd2 b5 23. Qa5 Qb8 24. Nd2 Qb7 25. b3 Qxd5 26. c4 Qe6 27. Qb6 b4 28. Rxa6
Rxa6 29. Qxa6 Qd7 30. Rd1 Qc6 31. Qxc6 Bxc6 32. Be2 Ra8 33. Nf1 Bf8 34. Rd2 Ra1
35. Kf2 Rb1 36. Bd1 Kf7 37. Ke2 Ke6 38. Ra2 Bg7 39. Kd2 Rb2+ 40. Rxb2 Bxb2 41.
Kc2 Bc3 42. Nd2 Bxd2 43. Kxd2 d5 44. cxd5+ Bxd5 45. Kc2 c4 46. bxc4 Bxc4 47.
Kb2 Kd6 48. Bc2 h5 49. Ba4 Bf7 50. Bb5 Kc5 51. Ba4 Kb6 52. Bd1 Kb5 53. Be2+ Bc4
54. Bd1 Bf7 55. Be2+ Kc5 56. Bd1 Kd6 57. Ba4 Ke7 58. Bb3 Bxb3 59. Kxb3 h4 60.
gxh4 Kf7 61. Kxb4 Kg7 62. h5 Kh6 63. hxg6 Kxg6 64. Kc5 Kh5 65. h3 Kh4 66. Kd5
Kxh3 67. Ke5 Kg4 68. Kf6 Kf3 69. Kxf5 Kxe3 70. Kg5 Kd4 71. f5 e3 72. f6 e2 73.
f7 e1=Q 74. f8=Q 1/2-1/2

[Event "205th YMCA Autumn A"]
[Site "Warsaw"]
[Date "2018.10.12"]
[Round "4"]
[White "Majek, Kacper"]
[Black "Kasperkiewicz, Pawel"]
[Result "1-0"]
[WhiteElo "2083"]
[BlackElo "1933"]
[PlyCount "81"]
[EventDate "2018.09.21"]
[EventType "tourn"]
[EventRounds "1"]
[EventCountry "POL"]
[SourceDate "2018.09.20"]

1. e4 e6 2. d3 d5 3. Nd2 Nf6 4. g3 c5 5. Bg2 Nc6 6. Ngf3 Be7 7. O-O O-O 8. e5
Nd7 9. Re1 Qc7 10. Qe2 b5 11. h4 Bb7 12. Nf1 Rfc8 13. Bf4 h6 14. Ne3 Nd4 15.
Nxd4 cxd4 16. Nxd5 Bxd5 17. Bxd5 exd5 18. e6 Bd6 19. exd7 Qxd7 20. Bxd6 Qxd6
21. a3 Rc7 22. Rac1 Rac8 23. Qg4 Qf6 24. Re2 a5 25. Qh5 Rd8 26. Rce1 Rcc8 $11
27. f4 b4 28. axb4 axb4 29. Kg2 Kf8 30. Rf2 Rd6 31. f5 Rdc6 32. Ree2 Re8 33.
Rxe8+ Kxe8 34. g4 Kd8 35. g5 Qe7 36. f6 gxf6 37. gxh6 Qe5 38. Qxe5 fxe5 39. h7
Rh6 40. Rxf7 Ke8 41. Rg7 1-0

[Event "205th YMCA Autumn A"]
[Site "Warsaw"]
[Date "2018.10.19"]
[Round "5"]
[White "Kasperkiewicz, Pawel"]
[Black "Koziol, Pawel"]
[Result "1/2-1/2"]
[WhiteElo "1933"]
[BlackElo "1880"]
[PlyCount "58"]
[EventDate "2018.09.21"]
[EventType "tourn"]
[EventRounds "1"]
[EventCountry "POL"]
[SourceDate "2018.09.20"]

1. d4 g6 2. e4 Bg7 3. Nf3 d6 4. Bg5 h6 5. Bh4 Nf6 6. Nbd2 c6 7. c3 O-O 8. Be2
Qc7 9. O-O Nbd7 10. Re1 e5 11. Bf1 Nb6 12. h3 Nh5 13. dxe5 dxe5 14. Nh2 Be6 15.
f3 Nf4 16. Ng4 f6 17. Qc2 Kh7 18. Rad1 Rf7 19. Bf2 Bf8 20. Nb3 Nd7 21. Ne3 a5
22. Bc4 Bxc4 23. Nxc4 a4 24. Nc1 Nc5 25. Ne2 Nfe6 26. Nc1 b5 27. Ne3 Nf4 28.
Ne2 Nfe6 29. Nc1 Nf4 $11 1/2-1/2

[Event "205th YMCA Autumn A"]
[Site "Warsaw"]
[Date "2018.10.19"]
[Round "5"]
[White "Podgorski, Maciej"]
[Black "Majek, Kacper"]
[Result "0-1"]
[WhiteElo "1865"]
[BlackElo "2083"]
[PlyCount "122"]
[EventDate "2018.09.21"]
[EventType "tourn"]
[EventRounds "1"]
[EventCountry "POL"]
[SourceDate "2018.09.20"]

1. e4 e5 2. Nf3 Nc6 3. Bc4 Bc5 4. b4 Bxb4 5. c3 Ba5 6. d4 d6 7. Qb3 Qe7 8. d5
Nd4 9. Nxd4 exd4 10. Qa4+ Bd7 11. Qxa5 Qxe4+ 12. Kd2 Qf4+ 13. Kc2 Qxf2+ 14. Bd2
Qxg2 15. Re1+ Kd8 16. Re2 Qg6+ 17. Bd3 Bf5 18. Qb5 Nf6 19. Bxf5 Qxf5+ 20. Qd3
Qxd3+ 21. Kxd3 Nxd5 22. cxd4 Kd7 23. Rg2 g6 24. Nc3 Nxc3 25. Bxc3 Rhe8 26. Rb1
b6 27. d5 c6 28. dxc6+ Kxc6 29. Bd4 Rac8 30. a4 f5 31. h4 Re6 32. a5 Re4 33.
axb6 axb6 34. Rxb6+ Kd5 35. Rb5+ Ke6 36. Bf2 Ra8 37. Rb2 Ra3+ 38. Kd2 f4 39.
Kc2 f3 40. Rg1 d5 41. Kb1 Rd3 42. Rb8 Rd2 43. Rf1 Ree2 44. Re8+ Kf5 45. Rxe2
Rxe2 46. Kc1 Kg4 47. Kd1 Kf4 48. Bd4 Kg3 49. Rg1+ Rg2 50. Rh1 h6 51. Ke1 Re2+
52. Kf1 g5 53. h5 Kf4 54. Bc5 Rc2 55. Bf2 Rc1+ 56. Be1 Rd1 57. Rh2 Ke3 58. Rb2
d4 59. Rb6 d3 60. Re6+ Kf4 61. Rd6 g4 0-1

[Event "205th YMCA Autumn A"]
[Site "Warsaw"]
[Date "2018.10.25"]
[Round "5"]
[White "Liberadzki, Slawomir"]
[Black "Markiewicz, Michal"]
[Result "1/2-1/2"]
[WhiteElo "1955"]
[BlackElo "1902"]
[PlyCount "31"]
[EventDate "2018.09.21"]
[EventType "tourn"]
[EventRounds "1"]
[EventCountry "POL"]
[SourceDate "2018.09.20"]

1. c4 c5 2. Nc3 Nc6 3. g3 g6 4. Bg2 Bg7 5. e3 Nf6 6. Nge2 O-O 7. O-O d6 8. a3
Bf5 9. d3 Qc8 10. Re1 Bh3 11. Bh1 Bg4 12. f3 Bd7 13. Rb1 a5 14. Nf4 Qd8 15. Bg2
Rb8 16. Bd2 $11 1/2-1/2

[Event "205th YMCA Autumn A"]
[Site "Warsaw"]
[Date "2018.10.19"]
[Round "5"]
[White "Kaminski, Jan"]
[Black "Moskwinski, Marek"]
[Result "1-0"]
[WhiteElo "2013"]
[BlackElo "1866"]
[PlyCount "67"]
[EventDate "2018.09.21"]
[EventType "tourn"]
[EventRounds "1"]
[EventCountry "POL"]
[SourceDate "2018.09.20"]

1. e4 e5 2. Nf3 Nc6 3. Bc4 Bc5 4. b4 Bxb4 5. c3 Ba5 6. d4 exd4 7. O-O dxc3 8.
Qb3 Qf6 9. Bg5 Qg6 10. Nxc3 d6 11. Nd5 Nge7 12. Nxe7 Nxe7 13. Qa4+ Nc6 14. Bb5
Bd7 15. Bxc6 Bxc6 16. Qxa5 O-O 17. Rfe1 h6 18. Be7 Rfc8 19. Bh4 Bxe4 20. Re3 b6
21. Qa4 d5 22. Bg3 Bxf3 23. Rxf3 c5 24. Be5 f6 25. Rg3 Qf7 26. Bf4 g5 27. h4 d4
28. hxg5 hxg5 29. Rd1 Qd5 30. Qc2 Kg7 31. Bxg5 fxg5 32. f4 Kf8 33. Rxg5 Qe6 34.
Qh7 1-0

[Event "205th YMCA Autumn A"]
[Site "Warsaw"]
[Date "2018.10.19"]
[Round "5"]
[White "Choroszej, Aleksander"]
[Black "Safanowski, Tomasz"]
[Result "1-0"]
[WhiteElo "2054"]
[BlackElo "1816"]
[PlyCount "45"]
[EventDate "2018.09.21"]
[EventType "tourn"]
[EventRounds "1"]
[EventCountry "POL"]
[SourceDate "2018.09.20"]

1. d4 d6 2. e4 Nf6 3. Nc3 Nbd7 4. f4 e5 5. Nf3 c6 6. dxe5 dxe5 7. fxe5 Ng4 8.
e6 fxe6 9. Ng5 Nde5 10. Qxd8+ Kxd8 11. Be2 Nh6 12. Bf4 Nhf7 13. O-O-O+ Ke8 14.
Nxf7 Nxf7 15. e5 g5 16. Bg3 h5 17. Ne4 h4 18. Nf6+ Ke7 19. Be1 Nxe5 20. Rf1 Bg7
21. Bb4+ c5 22. Bxc5+ Kf7 23. Bh5+ 1-0

[Event "205th YMCA Autumn A"]
[Site "Warsaw"]
[Date "2018.10.26"]
[Round "6"]
[White "Koziol, Pawel"]
[Black "Safanowski, Tomasz"]
[Result "0-1"]
[WhiteElo "1880"]
[BlackElo "1816"]
[PlyCount "72"]
[EventDate "2018.09.21"]
[EventType "tourn"]
[EventRounds "1"]
[EventCountry "POL"]
[SourceDate "2018.09.20"]

1. Nf3 d5 2. g3 Nc6 3. c4 dxc4 4. Qa4 e5 5. Bg2 Bd6 6. Qxc4 Be6 7. Qa4 Nf6 8.
O-O O-O 9. d3 h6 10. Nc3 Qe7 11. a3 Rfd8 12. b4 Bd7 13. Qd1 a5 14. b5 Nd4 15.
a4 c6 16. bxc6 Nxc6 17. Nd2 Rac8 18. Bb2 Bb4 19. Nb5 Bxd2 20. Qxd2 Nb4 21. Ba3
Bxb5 22. axb5 e4 23. Bxb4 axb4 24. Rfb1 Rc3 25. Qb2 exd3 26. exd3 Rdxd3 27.
Qxb4 Rd1+ 28. Bf1 Qxb4 29. Ra8+ Kh7 30. Rxb4 Rcc1 31. Rb8 Rxf1+ 32. Kg2 Rg1+
33. Kh3 g5 34. Rxb7 g4+ 35. Kh4 Kg7 36. b6 Rc5 0-1